Systematic Approach to Income Tax (Record no. 9321)

MARC details
000 -LEADER
fixed length control field 00356nam a22001457a 4500
003 - CONTROL NUMBER IDENTIFIER
control field OSt
008 - FIXED-LENGTH DATA ELEMENTS--GENERAL INFORMATION
fixed length control field 201120b ||||| |||| 00| 0 eng d
100 ## - MAIN ENTRY--PERSONAL NAME
Personal name Ahuja, Girish and Gupta, Ravi
245 ## - TITLE STATEMENT
Title Systematic Approach to Income Tax
250 ## - EDITION STATEMENT
Edition statement 42th ed
260 ## - PUBLICATION, DISTRIBUTION, ETC. (IMPRINT)
Place of publication, distribution, etc New Delhi
Name of publisher, distributor, etc Walters kluwer
Date of publication, distribution, etc 2020
300 ## - PHYSICAL DESCRIPTION
Extent 838
650 ## - SUBJECT ADDED ENTRY--TOPICAL TERM
Topical term or geographic name as entry element B.Com
942 ## - ADDED ENTRY ELEMENTS (KOHA)
Source of classification or shelving scheme Dewey Decimal Classification
Koha item type Text Books
Holdings
Withdrawn status Lost status Source of classification or shelving scheme Damaged status Not for loan Collection code Home library Current library Date acquired Source of acquisition Currency Cost, normal purchase price Bill Number Total Checkouts Acc. no. / Barcode Date last seen Actual Cost, discounted price Bill Date Koha item type Date last borrowed
    Dewey Decimal Classification     B.Com PIET NCR College Library PIET NCR College Library 20/11/2020 Kirti Prakashan IN Rupees 999.00 IN487   N728 20/11/2020 749.20 16/09/2020 Reference Books  
    Dewey Decimal Classification     B.Com PIET NCR College Library PIET NCR College Library 20/11/2020 Kirti Prakashan IN Rupees 999.00 IN487 1 N729 28/08/2023 749.20 16/09/2020 Text Books 21/08/2023

Design & Developed by: PIET Central Library
R70 Miles Stone Pattikalyana Samalkha Panipat 132102
mail ID :- [email protected], Phone No:- 0180-2569700 Ex.216